000 00311nam a2200121Ia 4500
008 190216s9999||||xx |||||||||||||| ||und||
100 _aVaradarajan M
245 0 _aMakes Of Indian Literature Ilango Adigal
260 _bSahithya Akademi
_c1967
300 _a72p
650 _aEnglish Literature
942 _cBK
999 _c12158
_d12158